Language Quiz

Random Language Quiz

Pictured Anagram Pairs Quiz Stats

 Plays Quiz Updated Aug 16, 2015

Challenge
Share
Tweet
Score 0/20 Timer 10:00
0 Plays Today
% Correct
Apes-Peas
97.4%
Earth-Heart
95.6%
Shoe-Hose
95.2%
Palm-Lamp
94.6%
Nails-Snail
94.1%
Swing-Wings
94%
Stop-Pots
93.3%
Wasp-Paws
92.7%
Arm-Ram
90.2%
Horse-Shore
88.8%
% Correct
Coal-Cola
87.6%
Meteor-Remote
83.6%
Slime-Smile
81.5%
Mail-Lima
71.6%
Ripples-Slipper
68.9%
Allergy-Gallery
67.3%
Rat-Art
61.8%
Present-Serpent
57.7%
Listen-Tinsel
53.5%
Rhea-Hare
39.8%

You're not logged in!

Compare scores with friends on all Sporcle quizzes.
OR
Log In

You Might Also Like...

Show Comments

Extras

Top Quizzes Today


Score Distribution

Your Account Isn't Verified!

In order to create a playlist on Sporcle, you need to verify the email address you used during registration. Go to your Sporcle Settings to finish the process.

Report this User

Report this user for behavior that violates our Community Guidelines.

Details: